00521nam a2200157Ia 4500008004100000041000800041082001400049100001600063245003700079250001400116260004500130300003300175365001100208999001700219952012700236240624s9999 xx 000 0 und d aeng a659.1 PER aPERCY LARRY aSTRATEGIC ADVERTISING MANAGEMENT a(3rd ed.) c2009aNew DelhibOxford University press axviii, : 424 : p. : cm. ; 24 cRSb30 c14671d14671 00104070aIMTNbIMTNcRack 35-Bd2010-02-24ePSBEg335.00n776o659.1 PERp14671r2024-06-24 00:00:00t1w2024-06-24yBK